000 00279nam a22001337a 4500
020 _a0-7214-0178-3
082 _a920
_bPEA/C
100 _aPEACH, L D U GARDE
245 _aCHARLES DICKENS
260 _aUSA
_bLADY BIRD
300 _a50
650 _aBIOGRAPHY
_zUSA
942 _cBK
999 _c6314
_d6314